000 00561nam a2200193 a 4500
005 20140310183247.0
008 040906s19uu xx 00 eng d
020 _a0534598218
050 _aRA 776
_b.H148 2004
100 _aHales, Dianne
245 _aPersonal health self assessments and health almanac for an invitation to health /
_cDianne Hales.
250 _a3rd ed.
260 _aAustralia :
_bThompson/Wadsworth,
_c2004.
300 _a41 p. :
_c28 cm.
521 _aNUR
650 _aHealth assessment.
942 _cBK
_2lcc
_kFOR
999 _c20713
_d20713